Dicionário por imagens da Natureza (Registo nº 4300)

Detalhes MARC
000 -Etiqueta do registo
Cabeçalho 00948nam a2200289 4500
005 - Identificador da versão
Campo de controlo 20240813122057.0
010 ## - Número internacional normalizado dos livros (ISBN)
Número (ISBN) 2215061502
021 ## - Número do Depósito Legal
Código do país PT
Número 114881/97
100 ## - Dados gerais de processamento
Dados gerais de processamento 20070723d20051998m y0pory5003 ba
102 ## - Pais de publicação ou produção
País de publicação Portugal
101 1# - Língua de publicação
Língua do texto, banda sonora, etc. Português
Língua do documento no original Francês
215 ## - Descrição física 
Indicação específica da natureza do documento e extensão da espécie 131 p.
Outras indicações físicas il.
200 1# - Titulo e menção de responsabilidade
Título próprio Dicionário por imagens da Natureza
Primeira menção de responsabilidade Emilie Beaumont, Marie-Renée Pimont
Outras menções de responsabilidade il. Vivienne Bray-N. Le Guillouzic e F. Guiraud
-- trad. Alexandre Correia
210 ## - Publicação, Distribuição, etc. 
Lugar da edição, distribuição, etc. [S.l.]
Nome do editor, distribuidor, etc. Fleurus
-- Livros e livros
Data da publicação, distribuição, etc. reimp. 2005
304 ## - Notas relativas a título e menção de responsabilidade 
Texto da nota Tít. orig.: Imagerie de la nature
675 ## - Classificação Decimal Universal (CDU)
Notação 087.5
Edição BN
Língua da edição por
Notação 502
Edição BN
Língua da edição por
702 #1 - Nome de autor-pessoa física (responsabilidade secundária)
Número de registo de entrada de autoridade 0001067
Palavra de ordem Correia
Outra parte do nome não tomada para palavra de ordem Alexandre
Código de função Tradutor
701 #1 - Nome de autor-pessoa física (co-responsabilidade principal)
Palavra de ordem Pimont
Outra parte do nome não tomada para palavra de ordem Marie-Renée
Código de função Autor / Co-autor
Palavra de ordem Le Guillouzic
Outra parte do nome não tomada para palavra de ordem Vivienne Bray-N.
Código de função Ilustrador / Técnico de desenho computorizado
Palavra de ordem Guiraud
Outra parte do nome não tomada para palavra de ordem F.
Código de função Ilustrador / Técnico de desenho computorizado
700 #1 - Nome de autor-pessoa física (responsabilidade principal)
Número de registo de entrada de autoridade 0001063
Palavra de ordem Beaumont
Outra parte do nome não tomada para palavra de ordem Emilie
942 ## - Elementos de entrada adicionados (Koha)
Tipo de item no Koha Livro
Exemplares
Situação do levantamento Origin of item (home branch) (coded) Biblioteca de empréstimo Código de barras Cota Circulation type (not for loan) Tipo de documento Nota do exemplar Damaged status
  Biblioteca Escolar das Vendas Biblioteca Escolar das Vendas BEV1214 5DIC   Livro Sem mensagem